00970cam a22002413a 45000010005000000030006000050050017000110080041000280400015000690420007000840500007000911000037000982450094001352600029002295050233002585060030004915160020005216530047005417000032005887000039006208300028006598560041006873588PGUSA20140828083035.0041101s2004||||xxu|||||s|||||000 e eng d aPGUSAbeng adc 4aPQ1 aMontaigne, Michel de,d1533-159210aEssays of Michel de Montaigne — Volume 08h[electronic resource] /cMichel de Montaigne bProject Gutenberg,c20040 aOf war-horses, or destriers -- Of ancient customs -- Of Democritus and Heraclitus -- Of the vanity of words -- Of the parsimony of the ancients -- Of a saying of Caesar -- Of vain subtleties -- Of smells -- Of prayers -- Of age. aPublic domain in the USA. aElectronic text aFrench essays -- Translations into English1 aCotton, Charles,d1630-16871 aHazlitt, William Carew,d1834-1913 0aProject Gutenbergv358840uhttp://www.gutenberg.org/ebooks/3588